00822nam a2200205Ia 4500003000900000008004100009020001800050040001600068080002400084111008900108245021300197260004200410300002300452650004100475650001700516650001000533700002400543700002400567700002500591IN-BaIIA211028s9999 xx 000 0 eng d a90-277-2125-4 cIIA Library a533-467(082.1)bCHA aNATO Advanced Research Workshop on Chaos in AstrophysicscFloridad1984 Apr. 9-11 0aChaos in Astrophysicsbproceedings of the NATO advanced Research Workshop on chaos in Astrophysics, held in Palm Coast, Florida, U.S.A., 9-11 April 1984cedited by J.R. Buchler, J.M. Perdang, E.A. Spiegel. aDordrechtbD. Reidel Publishingc1985 a[various pagings.] aAstronomy and Astrophysics thesaurus aAstrophysics aChaos aBuchler, J. R., ed. aPerdang, J. M., ed. aSpiegel, E. A ., ed.